Statistics for NFL Playoff Teams 2019-2020

Click here to take the quiz!

General Stats

  • This quiz has been taken 64 times
  • The average score is 11 of 12

Answer Stats

HintAnswer% Correct
Thank you, MiamiKansas City Chiefs
98%
Wild Card? Really?New England Patriots
98%
Inches shortSeattle Seahawks
98%
9-7 againTennessee Titans
98%
Coming for NEBuffalo Bills
96%
Third time's a charm?New Orleans Saints
96%
Who would've thought?San Francisco 49ers
96%
At least it wasn't DallasPhiladelphia Eagles
95%
Pretty good for a running backBaltimore Ravens
93%
Back on topGreen Bay Packers
93%
You like that?Minnesota Vikings
93%
No SuperbowlsHouston Texans
89%

Score Distribution

Percentile by Number Answered

Percent of People with Each Score

Your Score History

You have not taken this quiz